| 000 | 00508nam a2200193 i 4500 | ||
|---|---|---|---|
| 001 | 93508 | ||
| 003 | ES-MaACL | ||
| 005 | 20230906181240.0 | ||
| 007 | t| | ||
| 008 | 050601s2005 sp ||||1| spa d | ||
| 020 | _a84-96405-03-6 | ||
| 080 | _a821.134.2-94"19" | ||
| 100 | 1 |
_aAlonso Merino, Mercedes. _920360 |
|
| 245 | 1 | 0 |
_aA correr mundo / _cMercedes Alonso Merino. |
| 250 | _a1ยช ed. | ||
| 260 |
_aMadrid : _bNostrum, _c2005. |
||
| 300 |
_a191 p. ; _c21 cm. |
||
| 852 |
_aES-MaACL _jL-29143 _bR.135544 |
||
| 999 |
_c93508 _d93508 |
||